| 000 | 01048nam a2200217Ia 4500 | ||
|---|---|---|---|
| 003 | Ost | ||
| 005 | 20260507075757.0 | ||
| 008 | 260507s9999||||xx |||||||||||||| ||und|| | ||
| 020 | _a9789969537888 | ||
| 040 | _cfsecg | ||
| 041 | _aara | ||
| 082 | _a658.8 | ||
| 100 |
_aشخاب، حفيزة _eمؤلف |
||
| 245 | 0 |
_aنظام المعلومات التسويقية / _c حفيزة شخاب |
|
| 260 |
_aالجزائر : _bدار إيلياء للنشر والتوزيع, _c2024 |
||
| 300 |
_a156 صفحة؛ _bإيضاحات ؛ _c24 سم |
||
| 504 | _aالمراجع ص.139 | ||
| 520 | _aالمفاهيم الاساسية حول نظام المعلومات ،ماهية نظام المعلومات التسويقية ، مكونات نظام المعلومات التسويقية ، عناصره و نماذجه ، البيئة التسوسقية المحيطة بنظام المعلومات التسويقية و اهمية و فوائد و تصنيفات البيئة التسويقية . | ||
| 653 | _aالتسويق | ||
| 942 | _cكتاب | ||
| 999 |
_c46249 _d46249 |
||